| 000 -ლიდერი |
| ფიქსირებული სიგრძის საკონტროლო ველი |
01164nam a22002057a 4500 |
| 003 - საკონტროლო ნომრის იდენტიფიკატორი |
| საკონტროლო ველი |
Ge_BSU |
| 005 - ბოლო ოპერაციის თარიღი და დრო |
| საკონტროლო ველი |
20230328104301.0 |
| 008 - ფიქსირებული სიგრძის მონაცემთა ელემენტები - ზოგადი ინფორმაცია |
| ფიქსირებული სიგრძის საკონტროლო ველი |
230327s2022 ge ||||| |||| 00| 0 geo d |
| 041 ## - ენის კოდი |
| Language code of text/sound track or separate title |
geo |
| 080 ## - უნივერსალური ათობითი კლასიფიკაციის ინდექსი |
| Universal Decimal Classification number |
94(479.223):908(479.223) ა-14 |
| 100 ## - მთავარი ჩანაწერი - პიროვნების სახელი |
| Personal name |
აბაშიძე, შალვა |
| 9 (RLIN) |
13018 |
| 245 ## - ცნობა სათაურის შესახებ |
| Title |
დედაო - ჩემო ქედაო : |
| Remainder of title |
(ქედის ისტორია უძველესი დროიდან 1921 წლამდე). ნაწილი 1 / |
| Statement of responsibility, etc |
შალვა აბაშიძე ; მთ. რედაქტორი თამაზ აბულაძე ; წინასიტყვაობა როინ მეტრეველი. |
| 264 ## - წარმოების, გამოცემის, დისტრიბუციის და სხვა ცნობები |
| გამოცემის, წარმოების, დისტრიბუციის... ადგილი |
[თბილისი], |
| გამოცემის, წარმოების, დისტრიბუციის... სახელწოდება |
|
| გამოცემის, წარმოების, დისტრიბუციის... თარიღი |
2022. |
| 300 ## - ფიზიკური აღწერა |
| Extent |
329 გვ. : |
| Other physical details |
ფოტ. ; |
| Dimensions |
30 სმ. |
| 504 ## - BIBLIOGRAPHY, ETC. NOTE |
| Bibliography, etc |
ბიბლიოგრაფია: გვ. 325-326 |
| 653 ## - INDEX TERM--UNCONTROLLED |
| Uncontrolled term |
ქედის ისტორია |
| 700 ## - ADDED ENTRY--PERSONAL NAME |
| Personal name |
აბულაძე, თამაზ |
| Relator term |
რედაქტორი |
| 9 (RLIN) |
17290 |
| 700 ## - ADDED ENTRY--PERSONAL NAME |
| Personal name |
მეტრეველი, როინ |
| Relator term |
წინასიტყვაობის ავტორი. |
| 9 (RLIN) |
17291 |
| 942 ## - ADDED ENTRY ELEMENTS (KOHA) |
| Source of classification or shelving scheme |
|
| Koha item type |
წიგნი |